000 00671nam a2200217Ii 4500
003 JO-AjNU
008 230605s9999||||xx |||||||||||||| ||und||
017 _a2003/14019
020 _a977-01-8752-6
040 _aJO-AjNU
_bara
_erda
_cJO-AjNU
041 _aara
050 1 4 _aDS79.76.2003
100 3 _aدويدار، جلال,
_eauthor
_934617
245 0 0 _aهذه الحرب القذرة
264 3 1 _aالقاهرة: الهيئية الصرية العامة للكتاب، 2003
300 _a215ص
336 _atext
_btxt
_2rdacontent
337 _aunmediated
_bn
_2rdamedia
338 _avolume
_bnc
_2rdacarrier
650 4 _aالحرب العراقية
_934618
999 _aA14212
_c17780
_d17780